Hortum düzeni (Record no. 11958)

MARC details
000 -BAŞLIK
Sabit Uzunlukta Kontrol Alanı 00946na a2200277 4500
001 - KONTROL NUMARASI
Denetim Alanı 24296
003 - KONTROL NUMARASI IDENTIFIER
Denetim Alanı MIRAKIL
005 - SON İŞLEM TARİHİ VE ZAMANI
Denetim Alanı 20181226104238.0
008 - SABİT-BOY VERİ ELEMANLARI - GENEL BİLGİLER
Sabit Uzunlukta Kontrol Alanı 180910b tu 000 0
020 ## - ULUSLARARASI STANDART KİTAP NUMARASI
Uluslararası Standart Kitap Numarası 9944840002
035 ## - SİSTEM KONTROL NUMARASI
Sistem Kontrol Numarası 16269
041 ## - DİL KODU
Metin / Ses Parça Veya Ayrı Başlığın Dil Kodu tur
082 ## - DEWEY ONLU SINIFLANDIRMA NUMARASI
Sınıflandırma Numarası 364.1323
Ürün Numarası K44h 2007
090 ## - SINIFLAMA NUMARASI
Sınıflama Numarası 364.1323 K44h 2007
100 ## - ANA GİRİŞ - KİŞİSEL İSİM
Kişisel Ad Kılavuz, Hasan
Bir Adıyla İlişkilendirilen Tarihler 1955-
245 ## - BAŞLIK TABLOSU
Başlık Hortum düzeni
Başlığın Kalan siyasetçi - işadamı - bürokrat üçgeninde Türkiye'de yakın dönem yolsuzlukların kısa tarihi
Sorumluluk Tablosu, Vb Hasan Kılavuz
246 ## - UNVAN FORM VARYING
Başlık Doğru / Kısa Başlığı siyasetçi - işadamı - bürokrat üçgeninde Türkiye'de yakın dönem yolsuzlukların kısa tarihi
260 ## - YAYIN, DAĞITIM, VB
Yayın, Dağıtım, Vb Yeri İstanbul
Yayıncı, Dağıtıcı, Vs Adı Güncel yayıncılık
Yayın, Dağıtım, Vb Tarihi 2007
300 ## - FİZİKSEL TANIM
Kapsam 200 s.
Boyutlar 21 sm.
440 ## - SERİSİ TABLOSU / KATMA GİRİŞİ - BAŞLIK
Başlık Güncel yayıncılık
Hacim / Ardışık Tanımı 302
490 ## - SERİSİ TABLOSU
Seri Beyanı Güncel kitaplar
Hacim / Ardışık Tanımı 17
500 ## - GENEL NOT
Genel Not Yapıt yazarından imzalıdır.
650 ## - KONU KATMA GİRİŞ - TOPİKAL DÖNEM
Topikal Süreli Veya Coğrafi Ad Giriş Elemanı Türkiye
Genel Alt Bölümü Yolsuzluklar
Kronolojik Alt Bölümü Tarih
942 ## - EKLENDİ GİRİŞ ELEMANLARI (KOHA)
Sınıflandırma Veya Raf Düzeni Kaynak Dewey Decimal Classification
Koha Öğesi Türü Books
040 ## - KATALOGLAMA KAYNAK
Orijinal Kataloglama Ajansı Milas
Kataloglama Dili tur
Metne Dönüştürmek Ajansı TR-AnCHP
999 ## - SİSTEM KONTROL NUMARALARI (KOHA)
Koha Biblionumber 11958
Koha Biblioitemnumber 11958
Holdings
Kullanım Kısıtlamaları Kalıcı Konum Mevcut Konum Edinme Tarihi Toplam Check-Out'Lar Tam Çağrı Numarası Barkod Tarih Son Görülme İtibaren Geçerli Fiyatlar Sigara Kamu Notu Koha Öğesi Türü
  Parti Okulu Kütüphanesi Parti Okulu Kütüphanesi 09/10/2018   364.1323 K44h 2007 P00080 09/10/2018 09/10/2018 Books